Cry - Cigarettes After Sex - Statistics

General Stats
  • This quiz has been taken 331 times
  • The average score is 102 of 118
Answer Stats
Answer % Correct
cry
99%
I
99%
you
99%
to
98%
it
94%
for
93%
me
92%
make
91%
time
91%
every
90%
it’s
90%
but
89%
making
89%
love
88%
my
88%
can’t
87%
I’ll
87%
need
87%
only
87%
way
87%
be
86%
this
86%
give
85%
your
85%
tell
84%
something
81%
swear
81%
just
80%
heart
79%
the
79%
faithful
78%
stay
78%
wait
78%
know
77%
long
77%
hurts
76%
feel
74%
saying
74%
could
73%
that
72%
change
70%
help
68%
was
65%
you’d
65%
someday
64%
wish
64%
good
62%
maybe
62%
I’d
59%
now
53%
No matching quizzes found
Score Distribution
Percent of People with Each Score
Percentile by Number Answered
Your Score History
You have not taken this quiz